| 000 | 00902cam a2200277 4500 | ||
|---|---|---|---|
| 999 |
_c607 _d607 |
||
| 001 | 3630157 | ||
| 005 | 20170727120001.0 | ||
| 008 | 741212s1972 ru b 001 0 eng | ||
| 010 | _a 74193080 | ||
| 015 | _aUSSR*** | ||
| 040 |
_aDLC _cDLC _dDLC |
||
| 050 | 0 | 0 |
_aHX15 _b.O46 |
| 082 | 0 | 0 | _a335.4/11 |
| 245 | 0 | 0 |
_aOn historical materialism; _ba collection _c[by] K. Marx, F. Engels [and] V. Lenin. [Compiled by T. Borodulina] |
| 260 |
_aMoscow, _bProgress Publishers, _c1972. |
||
| 300 |
_a751 p. _c22 cm. |
||
| 504 | _aIncludes bibliographical references. | ||
| 650 | 0 |
_aSocialism. _919902 |
|
| 650 | 0 |
_aCommunism. _933699 |
|
| 700 | 1 |
_aMarx, Karl, _d1818-1883. _933700 |
|
| 700 | 1 |
_aEngels, Friedrich, _d1820-1895. _923758 |
|
| 700 | 1 |
_aLenin, Vladimir Ilʹich, _d1870-1924. _95305 |
|
| 700 | 1 |
_aBorodulina, T., _ecomp. _933701 |
|
| 906 |
_a7 _bcbc _corignew _d4 _encip _f19 _gy-gencatlg |
||
| 942 |
_2lcc _cMONOGRAPH |
||